000 00748nam a2200241Ii 4500
003 JO-AjNU
008 230605s9999||||xx |||||||||||||| ||und||
017 _a1988/4885
020 _a977-100-121-3
040 _aJO-AjNU
_bara
_erda
_cJO-AjNU
041 _aara
050 1 4 _aPJ6148.B3778 1988
100 3 _aبسيوني،كمال,
_eauthor
_914470
245 0 0 _aالمفردات النحوية
250 _aط1
264 3 1 _aالقاهرة: مكتبة النهضة المصرية، 1988
300 _a215ص
336 _atext
_btxt
_2rdacontent
337 _aunmediated
_bn
_2rdamedia
338 _avolume
_bnc
_2rdacarrier
490 0 _aمكتبة الدراسات النحوية 1
650 4 _aاللغة العربية-النحو
_914471
999 _aA3866
_c7434
_d7434